[Event "XXIX Gold Cup"]
[Site "Merano - Meran ITA"]
[Date "2001.05.??"]
[Round "3"]
[White "Geveke, Michael"]
[Black "Fischer, Roger"]
[Result "1-0"]
[WhiteElo "2279"]
[BlackElo "2151"]
[PlyCount "109"]
[EventDate "2001.05.05"]

1. Nf3 d6 2. d4 g6 3. g3 Bg7 4. Bg2 Nf6 5. O-O O-O 6. c4 Nbd7 7. Nc3 e5 8. b3
Re8 9. Qc2 a5 10. Ba3 exd4 11. Nxd4 Nc5 12. Rad1 Qe7 13. Ndb5 Bf5 14. Qc1 Nce4
15. Nd5 Nxd5 16. cxd5 Nc5 17. Bxc5 dxc5 18. d6 cxd6 19. Nxd6 Red8 20. Nxf5 gxf5
21. e3 f4 22. gxf4 Rac8 23. Qc4 b6 24. Bd5 Qd7 25. a4 Qg4+ 26. Kh1 Qh5 27. Rd3
Kf8 28. Rfd1 Bf6 29. Rg1 Rc7 30. e4 Rcd7 31. Rdg3 Bd4 32. Qc2 Qh4 33. Qd2 Rd6
34. R1g2 Rh6 35. Qe2 Ke7 36. Qf3 Qh5 37. Qd3 Qh4 38. Rg4 Qh5 39. Rg5 Qh4 40.
Qf3 Qh3 41. Qxh3 Rxh3 42. Rf5 Rf8 43. e5 Rd3 44. Rg7 Bxf2 45. Rgxf7+ Rxf7 46.
Rxf7+ Ke8 47. Bc4 Rd7 48. Rxd7 Kxd7 49. Kg2 Bd4 50. Kf3 Ke7 51. Ke4 Kd7 52. f5
Bc3 53. f6 Bd4 54. e6+ Kd6 55. e7 1-0

[Event "XXIX Gold Cup"]
[Site "Merano - Meran ITA"]
[Date "2001.05.??"]
[Round "3"]
[White "Koller, Hubert"]
[Black "Schiffer, Steve"]
[Result "1/2-1/2"]
[WhiteElo "2114"]
[BlackElo "2167"]
[PlyCount "77"]
[EventDate "2001.05.05"]

1. Nf3 g6 2. d4 Nf6 3. Bf4 Bg7 4. Nbd2 d6 5. e4 O-O 6. h3 c6 7. Bd3 Qc7 8. O-O
Nfd7 9. c3 e5 10. Be3 Re8 11. Re1 Nf8 12. Nf1 Ne6 13. Qd2 Nd7 14. Ng3 a5 15.
dxe5 dxe5 16. a4 b6 17. Rad1 Ndc5 18. Bc2 Rd8 19. Qc1 Bb7 20. Rxd8+ Rxd8 21.
Rd1 b5 22. axb5 cxb5 23. b4 axb4 24. Rxd8+ Qxd8 25. cxb4 Na6 26. Qd2 Qxd2 27.
Bxd2 Kf8 28. Ne2 Ke7 29. Ne1 f6 30. Bd3 Bc6 31. Nc2 Kd7 32. Nc3 Nac7 33. Be3
Bf8 34. f3 g5 35. Kf2 h5 36. g3 Nd8 37. Ke2 Nb7 38. g4 hxg4 39. hxg4 1/2-1/2

[Event "XXIX Gold Cup"]
[Site "Merano - Meran ITA"]
[Date "2001.05.??"]
[Round "3"]
[White "Wempe, Juergen"]
[Black "Mayers, Dan E."]
[Result "1/2-1/2"]
[WhiteElo "2177"]
[BlackElo "2115"]
[PlyCount "60"]
[EventDate "2001.05.05"]

1. d4 e6 2. Nf3 Nf6 3. c3 b6 4. Bf4 Bb7 5. Nbd2 c5 6. e3 Be7 7. h3 O-O 8. Bd3
Nc6 9. O-O Rc8 10. Qe2 Re8 11. Rad1 d6 12. a4 Bf8 13. Nc4 cxd4 14. exd4 Ba6 15.
Rfe1 d5 16. Nce5 Bxd3 17. Nxd3 Bd6 18. Nfe5 Qc7 19. g4 Nd7 20. g5 Bxe5 21. dxe5
Ne7 22. Qg4 Nf5 23. h4 Nc5 24. h5 g6 25. Kg2 Kg7 26. Rh1 Rh8 27. Rh3 Nxd3 28.
Rhxd3 Qc4 29. Rd4 Qc6 30. Kh2 Qd7 1/2-1/2

[Event "XXIX Gold Cup"]
[Site "Merano - Meran ITA"]
[Date "2001.05.??"]
[Round "4"]
[White "Jacob, Konrad"]
[Black "Heinl, Achim"]
[Result "0-1"]
[WhiteElo "2039"]
[BlackElo "2241"]
[PlyCount "96"]
[EventDate "2001.05.05"]

1. e4 c5 2. d4 cxd4 3. c3 d3 4. Nf3 d6 5. Qxd3 Nc6 6. Bf4 Nf6 7. h3 Qb6 8. b4
g6 9. Be2 Bg7 10. O-O O-O 11. Nbd2 Rd8 12. Nc4 Qc7 13. Ne3 Be6 14. Ng5 Qd7 15.
Nd5 Bxd5 16. exd5 Ne5 17. Bxe5 dxe5 18. c4 e4 19. Nxe4 Nxe4 20. Qxe4 Bxa1 21.
Rxa1 a5 22. b5 Rac8 23. Rd1 b6 24. a4 Qd6 25. Qe3 e6 26. Qh6 Qe5 27. Qd2 exd5
28. cxd5 Rd6 29. Bf3 Rc4 30. Re1 Qf4 31. Qb2 Qd4 32. Qxd4 Rxd4 33. Ra1 Rd7 34.
Kf1 Rc7 35. Ke2 Rcc4 36. Ke3 Rxa4 37. Rxa4 Rxa4 38. d6 Kf8 39. Bc6 Rb4 40. Kd3
a4 41. Kc3 a3 42. Bd5 Rxb5 43. Bb3 Rf5 44. f3 Ke8 45. Ba4+ b5 46. Bb3 Kd7 47.
Bc2 Rc5+ 48. Kb3 a2 0-1

[Event "XXIX Gold Cup"]
[Site "Merano - Meran ITA"]
[Date "2001.05.??"]
[Round "4"]
[White "Kaimer, Thomas"]
[Black "Byhan, Gert"]
[Result "1-0"]
[WhiteElo "2268"]
[BlackElo "2026"]
[PlyCount "91"]
[EventDate "2001.05.05"]

1. e4 c5 2. Nf3 Nc6 3. Nc3 e5 4. Bc4 Be7 5. O-O d6 6. d3 h6 7. Nd5 Nf6 8. c3
O-O 9. h3 Nxd5 10. Bxd5 Be6 11. Be3 Bf6 12. Bxe6 fxe6 13. Qb3 Qe7 14. Rfd1 Rfd8
15. d4 exd4 16. cxd4 Nxd4 17. Nxd4 Bxd4 18. Bxd4 cxd4 19. Rxd4 Rd7 20. Rad1
Rad8 21. f4 Kh8 22. f5 exf5 23. exf5 Re8 24. Qg3 Qf6 25. Qd3 Re5 26. Rf1 d5 27.
Rg4 Qb6+ 28. Kh2 Rf7 29. Qc3 Qc7 30. Qxc7 Rxc7 31. Rf2 Rc4 32. Rg6 Kh7 33. Rd6
Rc7 34. g4 Rce7 35. Kg2 Re2 36. Rxd5 R7e3 37. Rd7 Rxf2+ 38. Kxf2 Rxh3 39. Rxb7
h5 40. g5 h4 41. Rxa7 Rh2+ 42. Kf3 Rxb2 43. Kg4 Rf2 44. f6 Kh8 45. Kh5 gxf6 46.
Kg6 1-0

[Event "XXIX Gold Cup"]
[Site "Merano - Meran ITA"]
[Date "2001.05.??"]
[Round "4"]
[White "Krafzik, Joachim"]
[Black "Geveke, Michael"]
[Result "0-1"]
[WhiteElo "2125"]
[BlackElo "2279"]
[PlyCount "80"]
[EventDate "2001.05.05"]

1. f4 g6 2. Nf3 Bg7 3. e3 c5 4. c4 Nf6 5. Nc3 Nc6 6. Be2 d5 7. cxd5 Nxd5 8. a3
O-O 9. O-O e6 10. Qc2 b6 11. Rb1 Bb7 12. b4 cxb4 13. Nxd5 exd5 14. axb4 Rc8 15.
Qb3 Rc7 16. d4 Ne7 17. Bd2 Nf5 18. Bd3 Nd6 19. b5 Nc4 20. Bc1 Re8 21. Ne5 Na5
22. Qa2 f6 23. Nf3 Kh8 24. Qf2 Rc3 25. Rd1 Bc8 26. Ne1 Bg4 27. Bd2 Rxd3 28.
Nxd3 Bxd1 29. Rxd1 Nc4 30. Qe2 Qd7 31. Rb1 Re7 32. Ne1 Qf5 33. Rb3 Qe4 34. Kf2
f5 35. Nd3 Bxd4 36. Bc3 Nxe3 37. Kg3 g5 38. Bxd4+ Qxd4 39. Qb2 Nf1+ 40. Kh3
Re3+ 0-1

[Event "XXIX Gold Cup"]
[Site "Merano - Meran ITA"]
[Date "2001.05.??"]
[Round "4"]
[White "Mayers, Dan E."]
[Black "Koller, Hubert"]
[Result "0-1"]
[WhiteElo "2115"]
[BlackElo "2114"]
[PlyCount "74"]
[EventDate "2001.05.05"]

1. e4 c6 2. d4 d5 3. f3 dxe4 4. fxe4 e5 5. Nf3 exd4 6. Bc4 Be7 7. O-O Nf6 8.
Nbd2 O-O 9. e5 Nd5 10. Ne4 Bf5 11. Ng3 Bg6 12. Nxd4 Nb6 13. Bb3 c5 14. Ndf5 c4
15. Qg4 cxb3 16. Nh5 Nc6 17. Bf4 bxc2 18. Nhxg7 Bc5+ 19. Kh1 Nd4 20. Bg5 Qd7
21. Nh6+ Kh8 22. Bf6 Be7 23. e6 Nxe6 24. Nxe6+ Bxf6 25. Nxf8 Qxg4 26. Nxg4 Bxb2
27. Nxg6+ hxg6 28. Ne3 Bxa1 29. Rxa1 Rc8 30. Rc1 Rc3 31. Nxc2 Nc4 32. Kg1 Kg7
33. Kf2 Na3 34. Rd1 Rxc2+ 35. Kf3 Rxa2 36. Rd3 Nc4 37. Rc3 Ra3 0-1

[Event "XXIX Gold Cup"]
[Site "Merano - Meran ITA"]
[Date "2001.05.??"]
[Round "4"]
[White "Schiffer, Steve"]
[Black "Wempe, Juergen"]
[Result "1/2-1/2"]
[WhiteElo "2167"]
[BlackElo "2177"]
[PlyCount "98"]
[EventDate "2001.05.05"]

1. e4 c5 2. Nf3 Nf6 3. Nc3 e6 4. d4 cxd4 5. Nxd4 d6 6. Be2 a6 7. f4 Qc7 8. Nb3
b5 9. a3 Bb7 10. Bf3 Nc6 11. Be3 Rc8 12. O-O Be7 13. Kh1 O-O 14. g4 d5 15. exd5
Nxd5 16. Nxd5 exd5 17. c3 Rfe8 18. Qd2 Rcd8 19. Rad1 Rd7 20. Nd4 Na5 21. Qf2
Nc4 22. Bc1 Nd6 23. g5 Ne4 24. Qh4 Bd8 25. Bg2 Bc8 26. Rd3 Rd6 27. Qh5 Qc4 28.
Rdf3 g6 29. Qh4 f5 30. Qe1 Bb6 31. Be3 a5 32. Bg1 Qa2 33. Qc1 Bd7 34. Re1 Rc8
35. Bf1 b4 36. axb4 axb4 37. Re2 Qa7 38. Rd3 bxc3 39. bxc3 Bc5 40. Rb2 Ra6 41.
Rd1 Ra3 42. c4 Qa8 43. Bg2 Rc3 44. Rc2 Ba3 45. Qa1 R8xc4 46. Rxc3 Rxc3 47. Nf3
Ba4 48. Nd2 Qc6 49. Nxe4 dxe4 1/2-1/2

[Event "XXIX Gold Cup"]
[Site "Merano - Meran ITA"]
[Date "2001.05.??"]
[Round "5"]
[White "Geveke, Michael"]
[Black "Koller, Hubert"]
[Result "1-0"]
[WhiteElo "2279"]
[BlackElo "2114"]
[PlyCount "101"]
[EventDate "2001.05.05"]

1. Nf3 Nf6 2. g3 c6 3. Bg2 d5 4. O-O Bg4 5. d3 Nbd7 6. Nbd2 e5 7. h3 Bxf3 8.
Bxf3 Bd6 9. e4 O-O 10. c3 a5 11. a4 Qc7 12. Qc2 Nc5 13. Rd1 Ne6 14. Nb3 Rfd8
15. Be3 Rd7 16. Kg2 Bf8 17. Be2 Rad8 18. f3 c5 19. Bg1 d4 20. Nd2 Rd6 21. Rf1
Rc6 22. Bh2 Nd7 23. f4 Bd6 24. f5 Nef8 25. Nc4 Be7 26. h4 Bf6 27. Kh3 h6 28. g4
Nh7 29. Rg1 Ra8 30. Nd2 g5 31. fxg6 fxg6 32. Raf1 Rf8 33. Qb3+ Kg7 34. Nc4 b6
35. Rg2 Qd8 36. Qb5 Re6 37. Bg3 Qe7 38. Rgf2 Rf7 39. Bd1 Rf8 40. Bb3 Qd8 41.
Nxa5 Re7 42. Nc6 Qe8 43. Nxe7 Qxe7 44. Qc6 Rd8 45. Qc7 dxc3 46. bxc3 Kf8 47. d4
cxd4 48. cxd4 Ke8 49. dxe5 Nxe5 50. Bxe5 Rd3+ 51. Rf3 1-0

[Event "XXIX Gold Cup"]
[Site "Merano - Meran ITA"]
[Date "2001.05.??"]
[Round "5"]
[White "Schiffer, Steve"]
[Black "Krafzik, Joachim"]
[Result "1/2-1/2"]
[WhiteElo "2167"]
[BlackElo "2125"]
[PlyCount "70"]
[EventDate "2001.05.05"]

1. e4 e6 2. d4 d5 3. Nc3 Bb4 4. e5 b6 5. Qg4 Bf8 6. Nh3 Qd7 7. Bd3 Ba6 8. Nf4
Bxd3 9. Nxd3 Ne7 10. O-O Nf5 11. Ne2 c5 12. dxc5 bxc5 13. c3 Nc6 14. Bf4 c4 15.
Ne1 Bc5 16. Ng3 g6 17. Nxf5 exf5 18. Qf3 Qe6 19. Nc2 O-O 20. Rad1 Rad8 21. Nd4
Nxd4 22. cxd4 Be7 23. Bh6 Rfe8 24. Qf4 Rb8 25. Rd2 Rb7 26. Rc2 Reb8 27. Qd2 Bd8
28. g3 a5 29. h4 a4 30. Qe2 Be7 31. Kg2 Bf8 32. Bc1 h5 33. Rc3 Bb4 34. Rc2 Ra8
35. Qe3 Bf8 1/2-1/2

[Event "XXIX Gold Cup"]
[Site "Merano - Meran ITA"]
[Date "2001.05.??"]
[Round "5"]
[White "Wempe, Juergen"]
[Black "Fischer, Roger"]
[Result "1-0"]
[WhiteElo "2177"]
[BlackElo "2151"]
[PlyCount "137"]
[EventDate "2001.05.05"]

1. d4 d6 2. Nf3 g6 3. h3 Bg7 4. c3 Nd7 5. Bg5 Ngf6 6. Nbd2 O-O 7. e4 e5 8. Bd3
h6 9. Bh4 Qe8 10. g4 d5 11. dxe5 dxe4 12. Nxe4 Nxe4 13. Bxe4 Nxe5 14. Qe2 Nxf3+
15. Bxf3 Qxe2+ 16. Bxe2 Re8 17. Kd2 Be5 18. Bd3 Be6 19. Rhe1 Bd5 20. Kc2 Kg7
21. Re2 g5 22. Rae1 gxh4 23. Rxe5 Re6 24. Rxe6 fxe6 25. c4 Bg2 26. Rxe6 Bxh3
27. Rg6+ Kf7 28. Rxh6 Bxg4 29. Rxh4 Rg8 30. Be4 c6 31. Rh7+ Rg7 32. Rxg7+ Kxg7
33. Kc3 Kf6 34. Kd4 Bd7 35. Bg2 b6 36. c5 b5 37. a4 bxa4 38. Be4 Be8 39. Bc2 a3
40. bxa3 Bf7 41. Be4 Be8 42. f4 Ke6 43. Kc4 Kd7 44. Kb4 Kc7 45. Bh7 Bh5 46. Bd3
Bg4 47. Ka5 Bc8 48. Be4 Bb7 49. Bf5 Kd8 50. Be6 Ke7 51. f5 Kf6 52. Bd7 Kg5 53.
Kb4 Kf6 54. Kc4 Ba6+ 55. Kd4 Bb5 56. Kc3 a5 57. Kb3 Ke5 58. a4 Ba6 59. Kc3 Be2
60. Bxc6 Kxf5 61. Kd4 Kf6 62. Bb5 Bf3 63. c6 Ke7 64. Kc5 Kd8 65. Kd6 Bxc6 66.
Kxc6 Kc8 67. Kb6 Kb8 68. Kxa5 Ka7 69. Bc6 1-0

[Event "XXIX Gold Cup"]
[Site "Merano - Meran ITA"]
[Date "2001.05.??"]
[Round "6"]
[White "Byhan, Gert"]
[Black "Bonani, Georg"]
[Result "1/2-1/2"]
[WhiteElo "2026"]
[BlackElo "1791"]
[PlyCount "57"]
[EventDate "2001.05.05"]

1. e4 e5 2. Nf3 Nc6 3. d4 exd4 4. Bc4 Nf6 5. e5 d5 6. Bb5 Ne4 7. Nxd4 Bd7 8.
Bxc6 bxc6 9. O-O Be7 10. f3 Nc5 11. Be3 O-O 12. c3 a5 13. b3 f6 14. exf6 Bxf6
15. Nxc6 Bxc6 16. Bxc5 Rf7 17. Qd2 Rd7 18. Bd4 Qe7 19. Bxf6 Qxf6 20. Na3 d4 21.
cxd4 Rxd4 22. Qc2 Rad8 23. Rac1 R8d6 24. Nc4 R6d5 25. Nxa5 Rxa5 26. Qxc6 Qxc6
27. Rxc6 Rxa2 28. Rxc7 Rdd2 29. Re1 1/2-1/2

[Event "XXIX Gold Cup"]
[Site "Merano - Meran ITA"]
[Date "2001.05.??"]
[Round "6"]
[White "Koller, Hubert"]
[Black "Krafzik, Joachim"]
[Result "1-0"]
[WhiteElo "2114"]
[BlackElo "2125"]
[PlyCount "67"]
[EventDate "2001.05.05"]

1. Nf3 f5 2. d4 e6 3. Bg5 Be7 4. h4 Nf6 5. Nc3 b6 6. e3 Bb7 7. Bd3 Bb4 8. Qd2
d6 9. a3 Bxc3 10. Qxc3 Nbd7 11. O-O-O Qc8 12. Qb3 d5 13. Bxf6 Nxf6 14. Ne5 O-O
15. f3 c5 16. Be2 Qc7 17. Rdg1 Ne8 18. f4 Nd6 19. c3 a5 20. g4 Ba6 21. Bxa6
Rxa6 22. gxf5 Nxf5 23. Kd2 Nd6 24. h5 h6 25. Rg6 Ne4+ 26. Ke1 Rf6 27. Rhg1 Rxg6
28. Rxg6 Nf6 29. Qd1 cxd4 30. exd4 b5 31. Qf3 Kh8 32. f5 Qe7 33. Rxh6+ Kg8 34.
Rh8+ 1-0

[Event "XXIX Gold Cup"]
[Site "Merano - Meran ITA"]
[Date "2001.05.??"]
[Round "6"]
[White "Mayers, Dan E."]
[Black "Schiffer, Steve"]
[Result "0-1"]
[WhiteElo "2115"]
[BlackElo "2167"]
[PlyCount "135"]
[EventDate "2001.05.05"]

1. e4 g6 2. c4 Bg7 3. Nc3 d6 4. d4 Nf6 5. f3 O-O 6. Be3 Nbd7 7. Qd2 Re8 8. Bd3
c6 9. Nge2 e5 10. O-O a6 11. a4 exd4 12. Bxd4 Ne5 13. Rad1 Be6 14. b3 Qc7 15.
Bc2 c5 16. Be3 Bf8 17. Bg5 Nh5 18. f4 f6 19. fxe5 fxg5 20. exd6 Qd8 21. Qe3 Rc8
22. Ng3 Nf4 23. e5 Bg4 24. Rd2 Bg7 25. Rxf4 gxf4 26. Qxf4 Qd7 27. h3 Bxe5 28.
Qxg4 Qxg4 29. hxg4 Bxc3 30. Rd5 Re1+ 31. Kh2 Be5 32. Rd3 Rd8 33. d7 Kf7 34. Bd1
Ke7 35. Bf3 Rxd7 36. Bd5 Kd8 37. Kh3 Bxg3 38. Kxg3 Kc7 39. Rf3 Rde7 40. Kf4 h6
41. Rh3 Rf1+ 42. Bf3 Rh7 43. Kg3 Rf7 44. Be4 R1f6 45. Bf3 g5 46. Rh1 Re7 47.
Rb1 Re3 48. Kh2 Rf7 49. Bd5 Rf4 50. Bf3 a5 51. Kg1 Rd4 52. Kf2 Rdd3 53. Rh1 Re6
54. Rb1 b6 55. Bd5 Rd6 56. Ke2 R3xd5 57. cxd5 Rxd5 58. Rh1 Rd6 59. Ke3 b5 60.
axb5 Kb6 61. Rc1 Kxb5 62. Rc4 Re6+ 63. Kf2 Rf6+ 64. Ke3 Rf4 65. Rc1 Rxg4 66.
Kf3 Rb4 67. Rc3 h5 68. g3 0-1

[Event "XXIX Gold Cup"]
[Site "Merano - Meran ITA"]
[Date "2001.05.??"]
[Round "7"]
[White "Geveke, Michael"]
[Black "Wempe, Juergen"]
[Result "1-0"]
[WhiteElo "2279"]
[BlackElo "2177"]
[PlyCount "79"]
[EventDate "2001.05.05"]

1. Nf3 f5 2. g3 Nf6 3. Bg2 e6 4. c4 Be7 5. Nc3 O-O 6. O-O d6 7. d4 a5 8. Re1
Ne4 9. Qc2 Nc6 10. Nxe4 Nb4 11. Qc3 fxe4 12. Nd2 c5 13. Bxe4 cxd4 14. Qxd4 Bf6
15. Qe3 d5 16. Bb1 dxc4 17. Qe4 g6 18. a3 c3 19. Nc4 Nc6 20. Be3 Ra6 21. Ba2
cxb2 22. Rad1 Qe7 23. Nd6 Ne5 24. Nxc8 Rxc8 25. Bd4 Qg7 26. Bxe5 Bxe5 27. f4
Qc7 28. fxe5 Qc5+ 29. e3 Rb6 30. Qh4 Rf8 31. Rd7 h5 32. Qe7 Qxe7 33. Rxe7 Rf3
34. Rxe6 Rxe6 35. Bxe6+ Kg7 36. Ba2 g5 37. e6 Rf8 38. Rb1 b5 39. Rxb2 Rb8 40.
e7 1-0

[Event "XXIX Gold Cup"]
[Site "Merano - Meran ITA"]
[Date "2001.05.??"]
[Round "7"]
[White "Koller, Hubert"]
[Black "Fischer, Roger"]
[Result "1-0"]
[WhiteElo "2114"]
[BlackElo "2151"]
[PlyCount "131"]
[EventDate "2001.05.05"]

1. Nf3 d6 2. e4 Nf6 3. c3 Nbd7 4. Bd3 Nc5 5. Bc2 c6 6. Qe2 e5 7. d4 Ncd7 8. O-O
Be7 9. Nbd2 O-O 10. Nc4 Qc7 11. Bg5 Re8 12. dxe5 dxe5 13. Rad1 Bf8 14. Qd2 Re6
15. a4 b6 16. Rfe1 a5 17. Ne3 Rd6 18. Qc1 Ne8 19. Nf5 Rxd1 20. Rxd1 f6 21. Be3
Nc5 22. Bxc5 Bxc5 23. b4 Bf8 24. Bb3+ Kh8 25. N3h4 g5 26. Nf3 Bxf5 27. exf5 Rd8
28. bxa5 bxa5 29. Rxd8 Qxd8 30. Qe3 Qb8 31. Nd2 Bd6 32. Qe4 Qc8 33. Qc4 Ng7 34.
g4 Be7 35. Ne4 Qe8 36. h3 h5 37. Kg2 h4 38. Qf7 Qxf7 39. Bxf7 Kh7 40. f3 Kh6
41. Kf1 Bd8 42. Ke2 Be7 43. Kd3 Kh7 44. Kc4 Kh6 45. Kd3 Kh7 46. Nd2 Kh6 47. Nc4
Bd8 48. Nd6 Bc7 49. Nb7 Kh7 50. c4 Kh6 51. c5 Kh7 52. Nd6 Kh8 53. Kc4 Kh7 54.
Be6 Kh8 55. Bd7 Kg8 56. Bxc6 Kf8 57. Kb5 Ke7 58. Nb7 Ne8 59. Bxe8 Kxe8 60. Nxa5
Kd7 61. Nc6 Kc8 62. a5 Kb7 63. a6+ Kc8 64. Ne7+ Kb8 65. Nd5 Bd8 66. c6 1-0

[Event "XXIX Gold Cup"]
[Site "Merano - Meran ITA"]
[Date "2001.05.??"]
[Round "8"]
[White "Fischer, Roger"]
[Black "Heinl, Achim"]
[Result "1/2-1/2"]
[WhiteElo "2151"]
[BlackElo "2241"]
[PlyCount "115"]
[EventDate "2001.05.05"]

1. Nf3 c5 2. c4 Nc6 3. g3 g6 4. Bg2 Bg7 5. Nc3 e5 6. d3 Nge7 7. Nd2 O-O 8. Nf1
d6 9. Ne3 Be6 10. a3 Rb8 11. Rb1 a6 12. b4 cxb4 13. axb4 b5 14. cxb5 axb5 15.
Ned5 Qd7 16. O-O Bh3 17. Bh6 Bxg2 18. Kxg2 f5 19. Bxg7 Kxg7 20. f4 Qb7 21. e4
Rbc8 22. Qd2 Nd4 23. Nxe7 Qxe7 24. Rfc1 fxe4 25. dxe4 Qb7 26. Qd3 Rc4 27. Nd5
Rfc8 28. Rxc4 Rxc4 29. Ne3 Rc7 30. fxe5 dxe5 31. Rf1 Qc6 32. Rf2 Qc3 33. Qxc3
Rxc3 34. Nd5 Rc4 35. Rb2 Ne6 36. Re2 Ng5 37. h4 Rxe4 38. Rxe4 Nxe4 39. Kf3 Nd6
40. g4 Kf7 41. Ke3 h5 42. Kf3 Ne8 43. Nc3 Nc7 44. Ne4 Nd5 45. Nd6+ Ke6 46. Nxb5
Nxb4 47. gxh5 gxh5 48. Nc3 Nd5 49. Ne4 Nf6 50. Ng3 Kd5 51. Ke3 Kd6 52. Nf5+ Kc5
53. Ng7 Kd5 54. Nf5 Ne8 55. Ng3 Ng7 56. Kd3 Kd6 57. Ke4 Ke6 58. Kf3 1/2-1/2

[Event "XXIX Gold Cup"]
[Site "Merano - Meran ITA"]
[Date "2001.05.??"]
[Round "8"]
[White "Geveke, Michael"]
[Black "Schiffer, Steve"]
[Result "1-0"]
[WhiteElo "2279"]
[BlackElo "2167"]
[PlyCount "49"]
[EventDate "2001.05.05"]

1. Nf3 g6 2. g3 Bg7 3. d4 Nf6 4. Bg2 O-O 5. O-O c6 6. c4 d6 7. Nc3 Qc7 8. h3 e5
9. e4 Nbd7 10. Be3 Re8 11. Qc2 Nf8 12. Rfd1 Nh5 13. c5 exd4 14. cxd6 Qxd6 15.
Nxd4 Qe7 16. a4 Ne6 17. Nde2 a5 18. f4 Nc7 19. e5 Bf8 20. Bf2 Bf5 21. Qc1 Be6
22. g4 Ng7 23. Ne4 Red8 24. Rxd8 Qxd8 25. f5 1-0

[Event "XXIX Gold Cup"]
[Site "Merano - Meran ITA"]
[Date "2001.05.??"]
[Round "8"]
[White "Kaimer, Thomas"]
[Black "Koller, Hubert"]
[Result "1-0"]
[WhiteElo "2268"]
[BlackElo "2114"]
[PlyCount "121"]
[EventDate "2001.05.05"]

1. e4 d6 2. d4 Nf6 3. Nc3 c6 4. Nf3 Nbd7 5. Be2 e5 6. O-O Be7 7. h3 Qc7 8. a4
O-O 9. Be3 Re8 10. Re1 Nf8 11. Bf1 Ng6 12. g3 h6 13. Qd2 Bf8 14. Bg2 d5 15.
Nxe5 Nxe4 16. Nxe4 Nxe5 17. dxe5 dxe4 18. Bd4 Bf5 19. g4 Bg6 20. Bxe4 Bxe4 21.
Rxe4 c5 22. Bc3 Qc6 23. Qe2 Rad8 24. Re1 a6 25. a5 Rd5 26. f4 Be7 27. Kh2 Bd8
28. b3 Qb5 29. Kg3 Bc7 30. Kg2 Red8 31. f5 Qc6 32. Qf3 Qb5 33. Qe2 Qc6 34. Kg1
Qb5 35. f6 Qxe2 36. R1xe2 g5 37. e6 fxe6 38. Rxe6 Bd6 39. f7+ Kxf7 40. Rxh6 Bf4
41. Rh7+ Kf8 42. Rxb7 Rd1+ 43. Kg2 R8d7 44. Rxd7 Rxd7 45. Re6 Rd1 46. h4 Rc1
47. Re2 gxh4 48. Bb2 Rb1 49. Rf2 Rxb2 50. Rxf4+ Ke7 51. Rc4 Kd6 52. g5 Rb1 53.
Rxh4 Ke5 54. Rc4 Kd5 55. g6 Re1 56. g7 Re8 57. Rg4 Rg8 58. Kf3 Ke5 59. Ke3 Kf5
60. Rg2 Ke5 61. Kd3 1-0

[Event "XXIX Gold Cup"]
[Site "Merano - Meran ITA"]
[Date "2001.05.??"]
[Round "9"]
[White "Heinl, Achim"]
[Black "Mayers, Dan E."]
[Result "1-0"]
[WhiteElo "2241"]
[BlackElo "2115"]
[PlyCount "61"]
[EventDate "2001.05.05"]

1. d4 e6 2. c4 Nf6 3. Nf3 c5 4. e3 cxd4 5. exd4 d5 6. Nc3 Be7 7. Bf4 a6 8. c5
O-O 9. Bd3 b6 10. b4 a5 11. a3 axb4 12. axb4 Rxa1 13. Qxa1 Nc6 14. Qa4 Qe8 15.
O-O bxc5 16. bxc5 Bd7 17. Bb5 Nh5 18. Bc7 g6 19. Re1 Ng7 20. Qa6 Qa8 21. Qxa8
Rxa8 22. Nxd5 exd5 23. Bxc6 Bxc6 24. Rxe7 Ne6 25. h3 Ra4 26. Be5 Kf8 27. Bd6
Kg8 28. Ne5 Nxd4 29. Rc7 Ra6 30. Nxf7 Nb5 31. Nh6+ 1-0

[Event "XXIX Gold Cup"]
[Site "Merano - Meran ITA"]
[Date "2001.05.??"]
[Round "9"]
[White "Wempe, Juergen"]
[Black "Kaimer, Thomas"]
[Result "1/2-1/2"]
[WhiteElo "2177"]
[BlackElo "2268"]
[PlyCount "27"]
[EventDate "2001.05.05"]

1. e4 c5 2. g3 Nc6 3. Bg2 g6 4. d3 Bg7 5. h4 h5 6. Nh3 d6 7. c3 e6 8. O-O Nge7
9. Be3 Qc7 10. d4 b6 11. Na3 Ba6 12. Re1 O-O 13. Rc1 Na5 14. Ng5 1/2-1/2

[Event "C.to Provinciale AN"]
[Site "ITA"]
[Date "2001.02.10"]
[Round "1"]
[White "Badiali, Giosue'"]
[Black "Marini, Jacopo"]
[WhiteElo "1621"]
[BlackElo "1500"]
[Result "1-0"]
[PlyCount "101"]
[EventDate "2001.02.10"]

1. d4 d5 2. Nf3 Nf6 3. Bf4 Nc6 4. Nbd2 Bf5 5. c3 e6 6. Qb3 Na5 7. Qa4+ c6 8. b4
b5 9. Qxa5 Qxa5 10. bxa5 Ba3 11. Rb1 Bxb1 12. Nxb1 Be7 13. g3 O-O 14. a3 Bd8
15. a6 Ne4 16. Bd2 Rb8 17. Ne5 Rc8 18. f3 Nxd2 19. Kxd2 Be7 20. Bh3 Bd6 21. Nd3
Rb8 22. Kc2 Rb6 23. Nb4 Bxb4 24. cxb4 Rxa6 25. f4 Rb6 26. Nd2 Ra8 27. Nb3 a6
28. Rc1 Rc8 29. Kd3 Kf8 30. g4 Ke7 31. Bg2 Kd6 32. Rc3 Rh8 33. h4 h5 34. g5 g6
35. Na5 Rf8 36. e4 Re8 37. Nb3 Ra8 38. Ke3 Rbb8 39. Bh3 Re8 40. Nc5 Reb8 41.
Nd3 Rf8 42. Ne5 Rac8 43. f5 gxf5 44. exf5 Rc7 45. Kf4 Rcc8 46. g6 f6 47. Nf7+
Kc7 48. fxe6 Rg8 49. Kf5 Rg7 50. Bg2 Rgg8 51. Bf3 1-0

[Event "C.to Provinciale AN"]
[Site "ITA"]
[Date "2001.02.10"]
[Round "1"]
[White "Cerusico, Carlo"]
[Black "Morici, Marco"]
[WhiteElo "1320"]
[BlackElo "1621"]
[Result "0-1"]
[PlyCount "66"]
[EventDate "2001.02.10"]

1. d4 e6 2. Nf3 Nf6 3. e3 b6 4. Nbd2 Bb7 5. Bd3 Be7 6. O-O c5 7. c3 Qc7 8. Re1
d5 9. Ne5 O-O 10. e4 cxd4 11. cxd4 Nc6 12. Nxc6 Qxc6 13. e5 Ne8 14. Nf3 h6 15.
a3 Rc8 16. Bf4 f5 17. exf6 Bxf6 18. Rc1 Qd7 19. Ne5 Bxe5 20. Bxe5 Qf7 21. Rxc8
Qxf2+ 22. Kh1 Bxc8 23. Be2 Qf7 24. Rf1 Qe7 25. Bh5 Nf6 26. Bg6 Ba6 27. Rf3 Ng4
28. Bg3 Qg5 29. Rxf8+ Kxf8 30. Qf3+ Nf6 31. Bd6+ Kg8 32. Bc2 Qc1+ 33. Bd1 Qxb2
0-1

[Event "C.to Provinciale AN"]
[Site "ITA"]
[Date "2001.02.10"]
[Round "1"]
[White "Palmizi, Alessandro"]
[Black "Ragnini, Damiano"]
[WhiteElo "1609"]
[BlackElo "1311"]
[Result "1-0"]
[PlyCount "53"]
[EventDate "2001.02.10"]

1. e4 c5 2. Nf3 Nc6 3. d4 cxd4 4. c3 dxc3 5. Nxc3 h6 6. Bc4 e6 7. O-O Nf6 8.
Qe2 d6 9. Rd1 Qc7 10. Nb5 Qb8 11. b3 a6 12. Nbd4 e5 13. Nf5 Bxf5 14. exf5 b5
15. Bd3 d5 16. Bb2 Bd6 17. Rac1 Kd7 18. Rxc6 Kxc6 19. Nxe5+ Bxe5 20. Bxe5 Re8
21. Qc2+ Kd7 22. Bxb8 Raxb8 23. h3 Rbc8 24. Qd2 Re7 25. Qa5 Ke8 26. Qxa6 Rec7
27. Qd6 1-0

[Event "C.to Provinciale AN"]
[Site "ITA"]
[Date "2001.02.11"]
[Round "2"]
[White "Morici, Marco"]
[Black "Tittarelli, Adriano"]
[WhiteElo "1621"]
[BlackElo "1524"]
[Result "1/2-1/2"]
[PlyCount "48"]
[EventDate "2001.02.10"]

1. c4 Nf6 2. Nc3 d5 3. cxd5 Nxd5 4. Nf3 Nxc3 5. bxc3 e6 6. g3 Nd7 7. Bg2 Bd6 8.
O-O O-O 9. Rb1 Rb8 10. d3 b6 11. Nd4 Bb7 12. Nc6 Bxc6 13. Bxc6 Ne5 14. Bg2 c5
15. c4 Ng6 16. Be3 Qc7 17. Qd2 Ne7 18. Qc1 Nf5 19. Bd2 Rbd8 20. Bc3 Nd4 21. Qb2
Be5 22. Rfe1 Nc6 23. Bxc6 Bxc3 24. Qxc3 Qxc6 1/2-1/2

[Event "C.to Provinciale AN"]
[Site "ITA"]
[Date "2001.02.11"]
[Round "2"]
[White "Padovani, Alessio"]
[Black "Badiali, Giosue'"]
[WhiteElo "1602"]
[BlackElo "1621"]
[Result "0-1"]
[PlyCount "118"]
[EventDate "2001.02.10"]

1. c4 c5 2. g3 Nc6 3. Bg2 Nf6 4. Nc3 g6 5. a3 Bg7 6. Nf3 b6 7. O-O Bb7 8. Rb1
O-O 9. b4 d6 10. d3 Qd7 11. Bd2 h6 12. Qc1 Kh7 13. bxc5 dxc5 14. a4 e6 15. Nb5
a5 16. Bf4 Ng8 17. Nd6 e5 18. Nxb7 exf4 19. Rxb6 Qc7 20. Rb1 Nb4 21. Qxf4 Qxb7
22. Qd6 Qe7 23. Qxe7 Nxe7 24. Nd2 Ra7 25. Ne4 Rc7 26. Nd2 Rfc8 27. Ne4 Nf5 28.
g4 Nd4 29. Rfe1 Re8 30. Kf1 f5 31. gxf5 Nxf5 32. Nd2 Bc3 33. Red1 Rf8 34. Nf3
Re7 35. e4 Nd4 36. Nxd4 Bxd4 37. f3 Ref7 38. Ke2 g5 39. h3 Rf4 40. Rh1 h5 41.
Rbf1 Kh6 42. Rh2 R8f6 43. Rhh1 Nc2 44. Rb1 Ne3 45. Rh2 Nxg2 46. Rxg2 Rxf3 47.
Rb5 Rf2+ 48. Rxf2 Rxf2+ 49. Ke1 g4 50. hxg4 hxg4 51. Rxa5 g3 52. Ra6+ Kg5 53.
Ra8 g2 54. Rg8+ Kh4 55. Rh8+ Kg3 56. Rg8+ Kh2 57. e5 g1=Q+ 58. Rxg1 Kxg1 59. e6
Rf8 0-1